header

Judaic spiritual psychotherapy (Record no. 148720)

MARC details
000 -LEADER
fixed length control field 01075nam a2200277Ia 4500
100 1# - MAIN ENTRY--AUTHOR NAME
Personal name Rabinowitz, Aaron,
245 10 - TITLE STATEMENT
Title Judaic spiritual psychotherapy
260 ## - PUBLICATION, DISTRIBUTION, ETC. (IMPRINT)
Place of publication Lanham, MD :
Name of publisher University Press of America,
Year of publication c2010.
300 ## - PHYSICAL DESCRIPTION
Number of Pages iii, 87 p.
650 #0 - SUBJECT ADDED ENTRY--TOPICAL TERM
Topical Term Judaism and psychology.
Topical Term Judaism
856 40 - ELECTRONIC LOCATION AND ACCESS
Uniform Resource Identifier http://site.ebrary.com/lib/rucke/Doc?id=10435035

No items available.

© 2026 Rongo University
Contact us: librarian | system librarian | Rongo university